00928cam a2200241 a 450000100100000000500170001000800410002702000150006804000250008308200180010810000360012624500910016226000430025330000360029649000170033250400330034960000540038265000530043683000270048991000340051695201210055099900150067100000652520200929153939.0890227s1988 sp ac b 001 0bspa  a8472232794 aDO-SdBNPcDLCdBNPHU a928.51bL587C1 aColinas, Antonio,d1946-91811010aHacia el infinito naufragio :buna biografía de Giacomo Leopardi /cAntonio Colinas. aBarcelona :bTusquets Editores,c1988. a295 p. :bil., retrs. ;c21 cm.1 aAndanzasv79 aBibliografías: p. 293-295.10aLEOPARDI, GIACOMO,d1798-1837vBIOGRAFÍA918111 4aAutores italianosySIGLO XIXxBiografía918112 0aAndanzas ;v79.918113 aCatalogación por copia / LC 001052708MOaGRbGRcCTd2009-08-31iLF1l0o928.51 L587Cp6525-10r2020-06-25w2020-06-25y2ZPréstamo interno c6316d6316